000 00512nam a2200181 i 4500
001 36531
003 ES-MaACL
005 20230906155404.0
007 t|
008 030218s1968 sp ||||1| spa d
100 1 _aBrown, Constantino.
_931982
245 1 0 _aA través del torbellino /
_cConstantino Brown ; [versión Ramón Coll].
250 _a[1ª ed.].
260 _aBarcelona :
_bCaralt,
_c[1968]
300 _a344 p. ;
_c20 cm.
700 1 _aColl, Ramón.
_939619
852 _aES-MaACL
_jC-35264
_bR.67784
999 _c36531
_d36531